000 00417cam a22001097a 4500
008 180718b1979 xxu||||| |||| 00| 0 eng d
082 _aBA2701x5444 K147
100 _aKarnataka. Social Welfare and Labour Department
245 _aClassification of backward classes for purposes of reservation of appointments and posts uner article 16(4) of the constitution
260 _aBangalore
_bThe author
_c1979
300 _a234+p.
999 _c489167
_d489167